Great writing / (Record no. 23843)
[ view plain ]
| 000 -LEADER | |
|---|---|
| fixed length control field | 01794nam a22003855i 4500 |
| 003 - CONTROL NUMBER IDENTIFIER | |
| control field | EG-ScBUE |
| 005 - DATE AND TIME OF LATEST TRANSACTION | |
| control field | 20201108111316.0 |
| 008 - FIXED-LENGTH DATA ELEMENTS--GENERAL INFORMATION | |
| fixed length control field | 140703m20142015maua f 001 0 eng d |
| 020 ## - INTERNATIONAL STANDARD BOOK NUMBER | |
| International Standard Book Number | 9781285750712 (volume 1) |
| 020 ## - INTERNATIONAL STANDARD BOOK NUMBER | |
| International Standard Book Number | 9781285750729 (volume 2) |
| 020 ## - INTERNATIONAL STANDARD BOOK NUMBER | |
| International Standard Book Number | 9781285750743 (volume 4) |
| 020 ## - INTERNATIONAL STANDARD BOOK NUMBER | |
| International Standard Book Number | 9781285750750 (volume 5) |
| 040 ## - CATALOGING SOURCE | |
| Original cataloging agency | EG-ScBUE |
| Language of cataloging | eng |
| Description conventions | rda |
| Modifying agency | EG-ScBUE |
| Transcribing agency | EG-ScBUE |
| 082 04 - DEWEY DECIMAL CLASSIFICATION NUMBER | |
| Classification number | 808.0428 |
| Item number | FOL |
| Edition number | 22 |
| 100 1# - MAIN ENTRY--PERSONAL NAME | |
| Personal name | Folse, Keith S., |
| Relator term | author. |
| 9 (RLIN) | 12629 |
| 245 10 - TITLE STATEMENT | |
| Title | Great writing / |
| Statement of responsibility, etc | Keith S. Folse, University of Central Florida, April Muchmore-Vokoun, Hillsborough Community College, Elena Vestri Solomon, Khalifa University of Science, Technology, and Research, UAE, Tison Pugh, University of Central Florida. |
| 250 ## - EDITION STATEMENT | |
| Edition statement | Fourth edition. |
| 264 #1 - PUBLICATION, DISTRIBUTION, ETC. (IMPRINT) | |
| Place of publication, distribution, etc | Boston, MA : |
| Name of publisher, distributor, etc | National Geographic Learning / Cengage Learning, |
| -- | Cengage Learning, |
| Date of publication, distribution, etc | 2014-2015. |
| 300 ## - PHYSICAL DESCRIPTION | |
| Extent | volumes <1, 2, 4, 5> : |
| Other physical details | illustrations (colors) ; |
| Dimensions | 28 cm |
| 336 ## - CONTENT TYPE | |
| Source | rdacontent |
| Content type term | text |
| Content type code | txt |
| 337 ## - MEDIA TYPE | |
| Source | rdamedia |
| Media type term | unmediated |
| Media type code | n |
| 338 ## - CARRIER TYPE | |
| Source | rdacarrier |
| Carrier type term | volume |
| Carrier type code | nc |
| 500 ## - GENERAL NOTE | |
| General note | Includes appendices. |
| 500 ## - GENERAL NOTE | |
| General note | Includes index. |
| 505 2# - FORMATTED CONTENTS NOTE | |
| Formatted contents note | Volume 1. Great sentences for great paragraphs -- Volume 2. Great paragraphs -- Volume 4. Great essays -- Volume 5. From great essays to research. |
| 650 #7 - SUBJECT ADDED ENTRY--TOPICAL TERM | |
| Topical term or geographic name as entry element | English language |
| General subdivision | Paragraphs |
| Form subdivision | Problems, exercises, etc. |
| Source of heading or term | BUEsh |
| 9 (RLIN) | 36023 |
| 650 #7 - SUBJECT ADDED ENTRY--TOPICAL TERM | |
| Topical term or geographic name as entry element | English language |
| General subdivision | Rhetoric |
| Form subdivision | Problems, exercises, etc. |
| Source of heading or term | BUEsh |
| 9 (RLIN) | 30923 |
| 650 #7 - SUBJECT ADDED ENTRY--TOPICAL TERM | |
| Topical term or geographic name as entry element | English language |
| General subdivision | Sentences |
| Form subdivision | Problems, exercises, etc. |
| Source of heading or term | BUEsh |
| 9 (RLIN) | 9255 |
| 653 ## - INDEX TERM--UNCONTROLLED | |
| Resource For college | Humanities: English |
| Arrived date list | January2017 |
| 655 ## - INDEX TERM--GENRE/FORM | |
| Form subdivision | Reading book |
| 9 (RLIN) | 34232 |
| 700 1# - ADDED ENTRY--PERSONAL NAME | |
| Personal name | Muchmore-Vokoun, April, |
| Relator term | author. |
| 9 (RLIN) | 36026 |
| 700 1# - ADDED ENTRY--PERSONAL NAME | |
| Personal name | Solomon, Elena Vestri, |
| Relator term | author. |
| 9 (RLIN) | 36024 |
| 700 1# - ADDED ENTRY--PERSONAL NAME | |
| Personal name | Pugh, Tison, |
| Relator term | author. |
| 9 (RLIN) | 12634 |
| 942 ## - ADDED ENTRY ELEMENTS (KOHA) | |
| Source of classification or shelving scheme | Dewey Decimal Classification |
| Koha item type | Book - Borrowing |
| Withdrawn status | Lost status | Source of classification or shelving scheme | Damaged status | Not for loan | Collection code | Home library | Current library | Shelving location | Date acquired | Source of acquisition | Cost, normal purchase price | Serial Enumeration / chronology | Total Checkouts | Total Renewals | Full call number | Barcode | Date last seen | Date checked out | Cost, replacement price | Price effective from | Koha item type | Public note |
|---|---|---|---|---|---|---|---|---|---|---|---|---|---|---|---|---|---|---|---|---|---|---|
| Dewey Decimal Classification | ILB | Central Library | Central Library | Second Floor | 04/01/2017 | Purchase | 292.00 | 8263 | 1 | 6 | 808.0428 FOL | 000040762 | 15/07/2025 | 25/03/2018 | 365.00 | 04/01/2017 | Book - Borrowing | Volume 1 | ||||
| Dewey Decimal Classification | ILB | Central Library | Central Library | Second Floor | 04/01/2017 | Purchase | 292.00 | 8263 | 808.0428 FOL | 000040763 | 15/07/2025 | 365.00 | 04/01/2017 | Book - Borrowing | volume 2 | |||||||
| Dewey Decimal Classification | ILB | Central Library | Central Library | Second Floor | 04/01/2017 | Purchase | 292.00 | 8263 | 808.0428 FOL | 000040764 | 15/07/2025 | 365.00 | 04/01/2017 | Book - Borrowing | volume 4 | |||||||
| Dewey Decimal Classification | ILB | Central Library | Central Library | Second Floor | 04/01/2017 | Purchase | 292.00 | 8263 | 808.0428 FOL | 000040765 | 15/07/2025 | 365.00 | 04/01/2017 | Book - Borrowing | volume 5 |